Statistiques concernant Cinéma commençant par la lettre V

Cliquez ici pour prendre le quiz!

Statistiques générales

  • Ce quiz a été pris 474 fois
  • Le résultat moyen est 5 sur 12

Statistiques - réponses

HintRéponse% Correct
Film d'animation mettant en scènes les émotions d'une jeune filleVice-Versa
86%
Acteur de films d'action, surnommé "The Muscles from Brussels"Jean-Claude Van Damme
75%
Acteur français, interprète de François Pignon et La DenréeJacques Villeret
53%
Lauréat de l'Oscar du meilleur film en 1976, se déroulant en hôpital psychiatriqueVol au-dessus d'un nid de coucou
53%
Saga d'horreur mettant en scène l'inquiétant Jason VoorheesVendredi 13
50%
Réalisatrice française, figure de la Nouvelle VagueAgnès Varda
47%
Réalisateur italien, à l'origine du Guépard et des Nuits BlanchesLuchino Visconti
38%
Acteur franco-italien, ayant été catcheur dans le passéLino Ventura
33%
Malfrat accompagné de Marcellus WallaceVincent Vega
29%
Réalisateur français, habitué de Belmondo et Gabin, dont le vrai nom est Achod MalakianHenri Verneuil
18%
Cinéaste français mort à 29 ans, ayant une récompense annuelle à son nomJean Vigo
10%
James Woods et Debbie Harry autour d'une étrange chaine de télévisionVidéodrome
10%

Distribution des résultats

Percentile par nombre de réponses

% des personnes avec chaque résultat

Votre développement - résultats

Vous n’avez pas pris ce quiz